000 00464nam a2200169 a 4500
001 0000-8552
003 ELIB.Books
008 110520 1958
035 _a(ELIB.Books)0000-8698
082 _a268.635
_bRum
100 _aRumpf, Oscar J.
245 _aThe use of Audiovisuals in the Chruch
260 _bPhiladelphia; The Christian Education Press
_c1958
650 _aChristian Education
942 _2ddc
_cBK
998 _cbat
_e2011-05-20
999 _c8552
_d8552